书目信息 |
| 题名: |
笔记型电脑PCMCIA驱动与应用手册
|
|
| 作者: | 张凯钧 著 | |
| 分册: | ||
| 出版信息: | 北京 机械工业出版社 1998.01 |
|
| 页数: | 256页 | |
| 开本: | 16开 | |
| 丛书名: | ||
| 单 册: | ||
| 中图分类: | TP368.32 | |
| 科图分类: | ||
| 主题词: | 微型计算机 | |
| 电子资源: | ||
| ISBN: | 7-111-05897-6 | |
| 000 | 00613nam0 2200193 45 | |
| 001 | 0004040941 | |
| 005 | 20000404090439.4 | |
| 010 | @a7-111-05897-6@d30.00元 | |
| 100 | @a20000404d1998 km y0chiy0120 ea | |
| 101 | @achi | |
| 105 | @a z 000yy | |
| 200 | 1 | @a笔记型电脑PCMCIA驱动与应用手册@ABi Ji Xing Dian Nao PCMCIA Qu Dong Yu Ying Yong Shou Ce@f张凯钧,王生耀著@FZhang Kai Jun,Wang Sheng Yao Zhu |
| 210 | @a北京@c机械工业出版社@d1998.01 | |
| 215 | @a256页@d16开 | |
| 606 | 0 | @a微型计算机 |
| 690 | @aTP368.32@v3 | |
| 701 | @a张凯钧@4著 | |
| 801 | @aCN@bPftUser@c20000404 | |
| 905 | @f1@b52330@dTP368.32@eZH348 | |
| 笔记型电脑PCMCIA驱动与应用手册/张凯钧,王生耀著.-北京:机械工业出版社,1998.01 |
| 256页;16开 |
| ISBN 7-111-05897-6:30.00元 |
| ● |
| 相关链接 |
|
|
|
正题名:笔记型电脑PCMCIA驱动与应用手册
索取号:TP368.32/ZH348
 
预约/预借
| 序号 | 登录号 | 条形码 | 馆藏地/架位号 | 状态 | 备注 |
| 1 | 52330 | 200523308 | 自科库301/301自科库 63排7列1层/ [索取号:TP368.32/ZH348] | 在馆 |